000 00521nam a2200205Ia 4500
005 20250923144458.0
008 008 250917s9999 xx 000 0 eng d
037 _aTextual
040 _aDSWL
_beng
_cDSWL
041 _aeng
_2eng
084 _qDSWL
100 _aHuxley, Julian
_9825305
245 0 _aHeredity east & west
_cby Julian Huxley
260 _aNew York
_b Henri Schuman
_c1949
300 _ax,246p.
365 _aUSD
_b3
925 _g3
942 _cTEXL
999 _c1439404
_d1439404